Požiadavky na prijímacie skúšky zo slovenského jazyka a literatúry pre osemročné gymnáziá

Bibliographic Details
Main Author: Poliaková, Mária (Author)
Format: Book
Language:Slovak
PhysicalDescription:86 s. 21 cm
Published: Bratislava Slovenské pedagogické nakladateľstvo 1997
ISBN:800802688X
Subjects:

MARC

LEADER 00000nam a2200000 a 4500
001 vtls001323466
003 SK-MaSNL
005 20260301235530.0
008 240318s1997 xo r 0 0 slo
015 |a SNBA1998/07-02303 
020 |a 800802688X 
035 |a SNK000276160 
035 |a urn:nbn:sk:snk-amkhdl 
035 |a urn:nbn:sk:snk-am008gff 
035 |a 4341B4A1-30A9-4598-AE10-5ADC74AE454D 
040 |a SNK  |b slo  |c SNK  |e AACR2 
041 0 |a slo 
044 |a xo  |c SK 
080 |a 372.880.854(079.1)  |2 1981 
100 1 |a Poliaková, Mária  |4 aut  |9 46360 
245 1 0 |a Požiadavky na prijímacie skúšky zo slovenského jazyka a literatúry pre osemročné gymnáziá  |c Mária Poliaková 
260 |a Bratislava  |b Slovenské pedagogické nakladateľstvo  |c 1997 
300 |a 86 s.  |c 21 cm 
650 0 7 |a slovenčina  |2 SNKPH  |9 1350 
650 0 7 |a prijímacie skúšky  |2 SNKPJ  |9 1229 
650 0 7 |a osemročné gymnáziá  |2 SNKPH  |9 66578 
655 7 |a príručky  |2 SNKPH  |9 74364 
919 |a 80-08-02688-X 
958 |a TL 
999 |c 975482  |d 977412 
952 |t P60, <03>, [BOOK], {603}  |a SNK  |b SNK  |y PREZ  |7 0  |p 17A0125003  |o snkSC 95242  |i snkKSP 2503/98  |0 0  |1 0  |4 0  |d 1998-03-10  |f 1  |l 0  |r 2025-09-12 00:00:00  |w 2026-02-24 
952 |t P60, <04>, [BOOK], {604}  |a SNK  |b SNK  |y VYP  |7 0  |p 17A0130006  |o snkSC 95242 D1  |i snkKSP 3129/98  |0 0  |1 0  |4 0  |d 1998-03-23  |l 0  |r 2005-01-02 00:00:00  |w 2026-02-24 
952 |t P60, <09>, [BOOK], {629}  |a SNK  |b SNK  |y NEVYP  |7 0  |o snkC 306  |i snk578/980324  |0 0  |1 0  |4 0  |d 1998-03-23  |l 0  |r 2005-01-02 00:00:00  |w 2026-02-24